Dress - Taylor Swift (All Lyrics) - Statistics

General Stats
  • This quiz has been taken 625 times
  • The average score is 395 of 465
Answer Stats
Answer % Correct
I
99%
a
98%
you
98%
You
98%
of
96%
an
95%
and
95%
And
95%
could
95%
dress
95%
in
95%
on
95%
the
95%
this
95%
it
94%
My
94%
my
94%
off
94%
so
94%
take
94%
when
94%
best
93%
me
93%
your
93%
Your
93%
don't
91%
friend
91%
ha
91%
ha)
91%
Only
91%
only
91%
bought
90%
like
90%
want
90%
just
89%
no
89%
name
88%
Say
86%
everything
85%
(ah
83%
ah
83%
ah)
83%
All
83%
all
83%
stops
83%
hands
82%
They
82%
they
82%
about
81%
even
81%
Even
81%
time
80%
are
79%
room
79%
worst
79%
got
78%
idea
78%
is
78%
to
78%
from
77%
Our
77%
shape
77%
Flashback
76%
hair
76%
shaking
76%
crowded
75%
see
75%
tattoo
75%
There
75%
golden
74%
into
74%
moments
74%
secret
74%
met
73%
back
72%
up
72%
we
72%
buzzcut
71%
'Cause
71%
mark
71%
bleached
70%
holding
70%
times
70%
by
69%
Carve
69%
waiting
69%
mistakes
68%
bedpost
67%
Made
67%
made
67%
side
67%
truth
67%
woke
67%
saw
66%
silence
66%
indentation
65%
wake
65%
anticipation
64%
were
64%
we're
64%
earthquakes
63%
now
63%
patience
63%
I'm
62%
can't
61%
not
61%
rebounds
60%
desperately
59%
pining
59%
at
58%
one
58%
But
57%
if
57%
know
55%
explain
54%
lies
54%
lifeline
54%
that
54%
us
53%
both
52%
drunk
51%
get
51%
kiss
51%
least
51%
nothing
51%
face
50%
shake
50%
burned
48%
electrified
48%
try
48%
bathtub
47%
Everyone
47%
thinks
47%
gonna
46%
wine
46%
spilling
44%
Inescapable
36%
No matching quizzes found
Score Distribution
Percent of People with Each Score
Percentile by Number Answered
Your Score History
You have not taken this quiz